ज्ञानेशवरी-हिन्दी-भाषा टीका (Record no. 343741)
[ view plain ]
| 000 -LEADER | |
|---|---|
| fixed length control field | 00946nam a2200229Ia 4500 |
| 003 - CONTROL NUMBER IDENTIFIER | |
| control field | OSt |
| 005 - DATE AND TIME OF LATEST TRANSACTION | |
| control field | 20220923220826.0 |
| 008 - FIXED-LENGTH DATA ELEMENTS--GENERAL INFORMATION | |
| fixed length control field | 220922b |||||||| |||| 00| 0 hin d |
| 037 ## - SOURCE OF ACQUISITION | |
| Terms of availability | Textual |
| 040 ## - CATALOGING SOURCE | |
| Original cataloging agency | ARTS |
| Transcribing agency | ARTS |
| Language of cataloging | hin |
| 041 ## - LANGUAGE CODE | |
| Source of code | hin |
| Language code of text/sound track or separate title | hin |
| 100 ## - MAIN ENTRY--PERSONAL NAME | |
| Personal name | ज्ञानेश्वर |
| 245 #0 - TITLE STATEMENT | |
| Title | ज्ञानेशवरी-हिन्दी-भाषा टीका |
| Remainder of title | श्रीमद् भगवद्गीता श्लोकान्वयार्थसह मायानन्द चैतन्य द्वारा अनु |
| 246 ## - VARYING FORM OF TITLE | |
| Title proper/short title | Jnyāneshavarī-hindī-bhāṣhā ṭīkā: shrīmad bhagavadgītā shlokānvayārthasah māyānanda chaitanya dvārā anu0 |
| 260 ## - PUBLICATION, DISTRIBUTION, ETC. | |
| Date of publication, distribution, etc. | 1920 |
| 942 ## - ADDED ENTRY ELEMENTS (KOHA) | |
| Classification part | R66:6xG90, 152F0(=) |
| Koha item type | Textual |
| Source of classification or shelving scheme | Colon Classification (CC) |
| Withdrawn status | Lost status | Damaged status | Not for loan | Home library | Current library | Date acquired | Total Checkouts | Full call number | Barcode | Date last seen | Price effective from | Koha item type |
|---|---|---|---|---|---|---|---|---|---|---|---|---|
| Arts Library | Arts Library | 2022-09-23 | R66:6xG90 152F0(=) | AL0197020 | 2022-09-23 | 2022-09-23 | Textual |
